Statistics for Election Losers

Click here to take the quiz!

General Stats

  • This quiz has been taken 27 times
    (11 since last reset)
  • The average score is 34 of 56

Answer Stats

Election YearFailed Candidate% Correct
1872Thomas Hendricks | Horace Greeley | Charles Jenkins | David Davis |
100%
1812DeWitt Clinton
88%
2020Donald Trump
88%
1976Gerald Ford
88%
1932Herbert Hoover
88%
2016Hillary Clinton
88%
1980Jimmy Carter | John Anderson
88%
1828John Adams
88%
1800John Adams
88%
1960Richard Nixon
88%
1912Theodore Roosevelt | William Taft | Eugene Debs
88%
1944Thomas Dewey
88%
1948Thomas Dewey | Strom Thurmond
88%
1796Thomas Jefferson
88%
1952Adlai Stevenson
75%
1956Adlai Stevenson
75%
2000Al Gore
75%
1928Al Smith
75%
1824Andrew Jackson | William Crawford | Henry Clay
75%
1964Barry Goldwater
75%
1892Benjamin Harrison | James Weaver
75%
1996Bob Dole | Ross Perot
75%
1992George Bush | Ross Perot
75%
1888Grover Cleveland
75%
2004John Kerry
75%
2008John McCain
75%
1848Lewis Cass | Martin Van Buren
75%
1840Martin Van Buren
75%
1988Michael Dukakis
75%
1984Walter Mondale
75%
2012Mitt Romney
63%
1836William Harrison | Hugh White | Daniel Webster | Willie Mangum
63%
1936Alf Landon
38%
1916Charles Hughes
38%
1864George McClellan
38%
1972George McGovern
38%
1844Henry Clay
38%
1832Henry Clay
38%
1868Horatio Seymour
38%
1968Hubert Humphrey | George Wallace
38%
1884James Blaine
38%
1860John Beckinridge | John Bell | Stephen Douglas
38%
1924John Davis | Robert La Follette
38%
1856John Frémont | Millard Filmore
38%
1816Rufus King
38%
1876Samuel Tilden
38%
1940Wendell Willkie
38%
1852Winfield Scott
38%
1808Charles Pinckney
25%
1804Charles Pinckney
25%
1920James Cox
25%
1900William Bryan
25%
1908William Bryan
25%
1896William Bryan
25%
1880Winfield Hancock
25%
1904Alton Parker
13%

Score Distribution

Percentile by Number Answered

Percent of People with Each Score

Your Score History

You have not taken this quiz since the last reset